Blind Test - Statistiques

Statistiques générales
  • Ce quiz a été pris 1 657 fois
    1 656 depuis la dernière actualisation
  • Le résultat moyen est 26 sur 44
Statistiques - réponses
indices Réponse % Correct
On m'appelle l'OVNI JUL
96%
Sapés comme jamais Gims
91%
Oui j'ai pas calculé l'prof de mathématiques Black M
90%
Ils parlent tous comme des animaux, de toutes les chattes ca parle mal Angèle
84%
Tu prends tes caleçons sales, et tu hors de ma vue Wejdene
84%
Pouloulou Niska
79%
Casse la démarche comme Samuel, Samuel Umtiti Vegedream
79%
Oui, ma gâtée SCH
78%
Et on fait tourner les serviettes! Patrick Sebastien
74%
J'aimerais trop qu'elle m'aime, Mademoiselle Valérie KeenV
73%
Putain mais tu déconnes, c'est pas comme ca qu'on fait les choses Aya Nakamura
72%
Jeffrey, remet nous des glaçons Soprano
71%
J'me présente, je m'appelle Henri Daniel Balavoine
69%
Aurélie n'a que 16ans elle attend un enfant Colonel Reyel
68%
Elle a les yeux revolver, elle a le regard qui tue Marc Lavoine
68%
Ah c'est marrant, ca me fait pas marrer Orelsan
68%
Sous mon sein la grenade Clara Luciani
67%
La gola c'est peut être une fille bien, mais on préfère les tchoin, tchoin, tchoin Kaaris
66%
Sur ta marinière je cherche notre trait d'union Hoshi
65%
Toujours vivant, rassurez vous, toujours la banane, toujours debout Renaud
65%
Ce qui m'emmène, ce qui m'entraine, c'est ma peine, ma peine plus que la haine Vianney
64%
Et je suis posé dans l'club, normal Michou
63%
T'as détruit ma vie (ma viiiie) Dadju
61%
Le J, c'est le S (ok), hum, j'sors le RS (vroum, vroum) Naps
57%
Je ne suis pas un écrivain, je suis plus qu'un esprit simple Vald
56%
J'tai vue passer dans l'allée, ton boule me rend romantique, pièce Étalages
54%
J'prends l'mauvais côté d'la vie et l'lui casse les côtes 47ter
53%
Je veux juste une dernière danse Kyo
53%
J'avais jamais vu de nuit aussi calme, hey Lomepal
53%
J'ai plus d'appétit (toudou), qu'un barracuda Claude François
51%
Désolé pour hier soir, d'avoir fini à l'envers Jryo
51%
Et ca fait zumba kafew, kafew carnaval So Maness
51%
jel m'faut des billets d'banque et des armes lourdes Gazo
49%
J'suis tellement loin, c'est parti pour quelques heures Damso
47%
Ne me quitte pas Jacques Brel
47%
Je suis pas tout seul à être tout seul Stromae
46%
Percé, putain, des fois j'oublie qui j'suis Koba LaD
39%
J'suis l'grand frère, de Pascal le grand frère Lorenzo
39%
Ouais mais moi je suis heureux Disiz
38%
Est ce que ce monde est sérieux? Francis Cabrel
38%
Wow, ils veulent tous te faire la guerre parce que t'es (special) Laylow
35%
Quel est ce pays, où frappe la nuit, la loi du plus fort Johnny Hallyday
21%
Si tu cherches un peu de gaieté viens donc faire un tour à Lambé Matmatah
18%
Soldat d'élite comme Takeshi (Takeshi), la LDO dans l'château comme Takeshi Freeze Corleone
17%
Aucun quiz correspondant
Distribution des résultats
% des personnes avec chaque résultat
Percentile par nombre de réponses
Votre historique - résultats
Vous n’avez pas pris ce quiz depuis la dernière actualisation